Name the SHL team arenas - Statistics

General Stats
  • This quiz has been taken 171 times
    167 since last reset
  • The average score is 6 of 14
Answer Stats
Team City Capacity Arena % Correct
Frölunda HC Göteborg 12 044 Scandinavium
89%
Djurgårdens IF Stockholm 8094 Hovet
85%
Malmö Redhawks Malmö 13 000 Malmö Arena
77%
Färjestad BK Karlstad 8647 Löfbergs Arena
75%
Linköpings HC Linköping 8585 Saab Arena
70%
Skellefteå AIK Skellefteå 6001 Skellefteå Kraft Arena
46%
HV71 Jönköping 7000 Kinnarps Arena
43%
Luleå HF Luleå 6300 Coop Norrbotten Arena
42%
Växjö Lakers Växjö 5700 Vida Arena
35%
Örebro HK Örebro 5150 Behrn Arena
25%
Brynäs IF Gävle 7909 Gavlerinken Arena
20%
Mora IK Mora 4500 Jalas Arena
16%
Timrå IK Timrå 6000 NKT Arena Karlskrona
3%
Rögle BK Ängelholm 5150 Lindad Arena
2%
No matching quizzes found
Score Distribution
Percent of People with Each Score
Percentile by Number Answered
Your Score History
You have not taken this quiz since the last reset